مكتبة جامعة عجلون الوطنية

فهرس بحث المكتبة

أساسيات التمويل والاستثمار في صناعة السياحة = Fundamentals of Funding and Finance For Tourism Industry (Record no. 26040)

MARC details
000 -LEADER
fixed length control field 00845nam a2200229Ii 4500
003 - CONTROL NUMBER IDENTIFIER
control field JO-AjNU
008 - FIXED-LENGTH DATA ELEMENTS--GENERAL INFORMATION
fixed length control field 230605s9999||||xx |||||||||||||| ||und||
017 ## - COPYRIGHT OR LEGAL DEPOSIT NUMBER
Copyright or legal deposit number 2009/9/4050
020 ## - INTERNATIONAL STANDARD BOOK NUMBER
International Standard Book Number 978-9957-33-198-6
040 ## - CATALOGING SOURCE
Original cataloging agency JO-AjNU
Language of cataloging ara
Description conventions rda
Transcribing agency JO-AjNU
041 ## - LANGUAGE CODE
Language code of text/sound track or separate title ara
050 14 - LIBRARY OF CONGRESS CALL NUMBER
Classification number G155.A1.H55 2010
100 3# - MAIN ENTRY--PERSONAL NAME
Personal name الحميري، موفق عدنان عبد الجبار,
Relator term author
9 (RLIN) 50943
245 00 - TITLE STATEMENT
Title أساسيات التمويل والاستثمار في صناعة السياحة = Fundamentals of Funding and Finance For Tourism Industry
250 ## - EDITION STATEMENT
Edition statement ط1
264 31 - PRODUCTION, PUBLICATION, DISTRIBUTION, MANUFACTURE, AND COPYRIGHT NOTICE
Place of production, publication, distribution, manufacture عمان: مؤسسة الوراق، 2010
300 ## - PHYSICAL DESCRIPTION
Extent 350ص
Other physical details صور توضيحية
336 ## - CONTENT TYPE
Content type term text
Content type code txt
Source rdacontent
337 ## - MEDIA TYPE
Media type term unmediated
Media type code n
Source rdamedia
338 ## - CARRIER TYPE
Carrier type term volume
Carrier type code nc
Source rdacarrier
650 #4 - SUBJECT ADDED ENTRY--TOPICAL TERM
Topical term or geographic name entry element صناعة السياحة-السياحة
9 (RLIN) 50944
Holdings
Withdrawn status Lost status Source of classification or shelving scheme Damaged status Not for loan Home library Current library Shelving location Date acquired Total Checkouts Full call number Barcode Date last seen Price effective from Koha item type
    Library of Congress Classification     مكتبة جامعة عجلون الوطنية مكتبة جامعة عجلون الوطنية المجموعات العامة 06/06/2023   G155.A1.H55 2010 A22472 06/06/2023 06/06/2023 Books